000 01035nam a2200217 i 4500
001 184601
003 ES-MaACL
005 20250815025707.0
008 151027m18981900sp |||| | spa d
245 0 0 _aRelaciones de Yucatán.
260 _aMadrid :
_b[s.n.],
_c1898-1900 (
_fSucesores de Rivadeneyra)
300 _a2 v. (XL, 436 p., [2] h. pleg. de mapa ; XVI, 414 p.) ;
_c24 cm.
490 1 _aColección de documentos inéditos relativos al descubrimiento, conquista y organización de las antiguas posesiones españolas de ultramar. Segunda serie / publicada por la Real Academia de la Historia ;
_v11, 13
650 4 _aMayas.
_9146359
651 4 _aYucatán-
_xHistoria.
_99546
710 2 _aReal Academia de la Historia (España)
_96309
830 0 0 _aColección de documentos inéditos relativos al descubrimiento, conquista y organización de las antiguas posesiones de Ultramar
_v11, 13
_9241781
852 _aES-MaACL
_jC-1972
_z.- Vol. 11
852 _aES-MaACL
_jC-1974
_z.- Vol. 13
999 _c184601
_d184601